|
|
|
|
| LEADER |
01679nam a22003377a 4500 |
| 001 |
42274 |
| 003 |
BD-DhAAL |
| 008 |
240213t2023 sz a|||| b||| 001 0 eng d |
| 020 |
|
|
|a 9783031375767
|
| 020 |
|
|
|a 9783031375743 (eBook)
|
| 040 |
|
|
|a BD-DhAAL
|c BD-DhAAL
|
| 082 |
|
|
|a 519.3
|2 23
|
| 100 |
|
|
|a Espinola-Arredondo, Ana,
|e author.
|9 56019
|
| 245 |
|
|
|a Game theory :
|b an introduction with step-by-step examples /
|c Ana Espinola-Arredondo and Felix Muñoz-Garcia.
|
| 246 |
|
|
|a Game theory
|
| 264 |
|
|
|a Switzerland :
|b Palgrave Macmillan,
|c 2023.
|
| 300 |
|
|
|a xxiii, 455 pages ;
|c 23 cm.
|
| 504 |
|
|
|a Includes bibliographical references (pages 447-450) and index.
|
| 526 |
|
|
|a ESS
|
| 541 |
|
|
|a Hye Trade International
|e 42274, 42275, 42276
|
| 650 |
|
|
|a Game theory.
|9 56027
|
| 650 |
|
|
|a Economics, Behavioral.
|9 57330
|
| 650 |
|
|
|a Experimental economics.
|
| 650 |
|
|
|a Economics, Mathematical.
|
| 700 |
|
|
|a Muñoz-Garcia, Felix,
|e author.
|9 38062
|
| 852 |
|
|
|a Ayesha Abed Library
|c General Stacks
|
| 942 |
|
|
|2 ddc
|c BK
|
| 999 |
|
|
|c 46398
|d 46398
|
| 952 |
|
|
|0 0
|1 0
|2 ddc
|4 0
|6 519_300000000000000_ESP
|7 0
|9 75133
|a BRACUL
|b BRACUL
|c GEN
|d 2024-02-12
|e Hye Trade International
|g 4343.00
|l 7
|m 30
|o 519.3 ESP
|p 3010042276
|r 2026-02-22
|s 2026-02-16
|t 3
|v 4343.00
|w 2024-02-12
|y BK
|
| 952 |
|
|
|0 0
|1 0
|2 ddc
|4 0
|6 519_300000000000000_ESP
|7 0
|9 75134
|a BRACUL
|b BRACUL
|c GEN
|d 2024-02-12
|e Hye Trade International
|g 4343.00
|l 5
|m 32
|o 519.3 ESP
|p 3010042275
|r 2026-04-08
|s 2026-02-25
|t 2
|v 4343.00
|w 2024-02-12
|y BK
|
| 952 |
|
|
|0 0
|1 0
|2 ddc
|4 0
|6 519_300000000000000_ESP
|7 0
|9 75135
|a BRACUL
|b BRACUL
|c GEN
|d 2024-02-12
|e Hye Trade International
|g 4343.00
|l 3
|m 34
|o 519.3 ESP
|p 3010042274
|r 2026-04-04
|s 2026-02-22
|t 1
|v 4343.00
|w 2024-02-12
|y BK
|